| 000 | 00952nam a22002537a 4500 | ||
|---|---|---|---|
| 999 |
_c6769 _d6769 |
||
| 003 | AR-CdUCM | ||
| 008 | 190319b ||||| |||| 00| 0 spa d | ||
| 020 | _a84-205-0863-2 | ||
| 020 | _a3-13-484802-3 | ||
| 040 |
_aMUNICIPALIDAD PROVINCIAL DEL CUSCO _cBIBLIOTECA MUNICIPAL DEL CUSCO |
||
| 082 |
_a508 / _bK22 |
||
| 100 |
_aKaplan, R. W. _919056 |
||
| 245 |
_aEl origen de la vida : _bLa Biogenética, un campo de investigación de la ciencia actual / |
||
| 260 |
_aMadrid : _bAlhambra, _c1981. |
||
| 300 |
_a414 paginas ; _bilustraciones, tablas, graficos, _c20cm. |
||
| 440 |
_aExedra - ciencia tecnica ingenieria _n127 _919057 |
||
| 505 | _aContenido: desarrollo teorico e historico -- fundamentos -- vida artificial -- restos fosiles -- evolución de la vida... | ||
| 650 |
_aVida _9884 |
||
| 650 |
_aRestos fosiles _919058 |
||
| 650 |
_aLiteratura _983 |
||
| 700 |
_aNieto Rodriguez, Brochero _919059 |
||
| 942 |
_2ddc _cLIBROS |
||
| 945 | _apjha | ||